| 000 | 00690nam a22001817a 4500 | ||
|---|---|---|---|
| 020 | _qHard Cover. | ||
| 082 | _aBEE-5 FUR | ||
| 100 | _aHafiz Furqan Ahmed : Hafiz Muhammad Ahmed : Abdul Mannan | ||
| 245 |
_aMaximum Power Point Tracking (MPPT) For Solar Charger / _cAhmed, Hafiz Furqan : Muhammad Ahmed, Hafiz : Mannan, Abdul |
||
| 260 |
_aIslamabad: _bSEECS NUST, _c2012. |
||
| 300 |
_a101 p. : _bill. ; _c30cm. |
||
| 563 | _aa | ||
| 650 |
_aBachelor of Electrical Electronics Engineering. _955262 |
||
| 700 |
_aDr. Habib ur Rehman _955263 |
||
| 856 | _uhttp://10.250.8.41:8080/xmlui/handle/123456789/10818 | ||
| 942 |
_2ddc _cTHE |
||
| 999 |
_c566085 _d566085 |
||